00515 2200157 4500001002100000008004100021035002000062245009400082100005600176260004000232300002300272020002200295084001700317082001100334990001200345INLIS000000000002898 IND  a0010-0925000245 aSeri Biografis Pahlawan Dewi SartikacIkatan Keluarga Pahlawan Nasional Indonesia (IKPNI) aIkatan Keluarga Pahlawan Nasional Indonesia (IKPNI) aJakartabEsensi Erlangga Grupc2018 a38c(17,5 x 25 cm) a978-602-6847-74-4 a922.97 IKP s a922.97 a0755293